Monsieur Madame - Quel monsieur ? (Random) - Statistiques

Statistiques générales
  • Ce quiz a été pris 19 fois
  • Le résultat moyen est 5 sur 15
Statistiques - réponses
Par images Réponse % Correct
Monsieur Chatouille
100%
Monsieur Costaud
100%
Monsieur Peureux
100%
Monsieur Rigolo
100%
Monsieur Neige
83%
Monsieur Glouton
80%
Monsieur Grand
75%
Monsieur Maladroit
75%
Monsieur Bavard
67%
Monsieur Farceur
67%
Monsieur Heureux
67%
Monsieur Malchance
60%
Monsieur Avare
50%
Monsieur Courageux
50%
Monsieur Joyeux
50%
Monsieur Lent
50%
Monsieur Maigre
50%
Monsieur Noël
50%
Monsieur Parfait
50%
Monsieur Inquiet
40%
Monsieur Tatillon
40%
Monsieur À l'Envers
33%
Monsieur Atchoum
33%
Monsieur Bagarreur
33%
Monsieur Bing
33%
Monsieur Bizarre
33%
Monsieur Endormi
33%
Monsieur Grognon
33%
Monsieur Mal Élevé
33%
Monsieur Méli-Mélo
33%
Monsieur Petit
33%
Monsieur Sale
33%
Monsieur Gentil
29%
Monsieur Curieux
25%
Monsieur Génial
20%
Monsieur Malpoli
20%
Monsieur Anniversaire
0%
Monsieur Aventure
0%
Monsieur Bruit
0%
Monsieur Étonnant
0%
Monsieur Étourdi
0%
Monsieur Farfelu
0%
Monsieur Formidable
0%
Monsieur Grincheux
0%
Monsieur Incroyable
0%
Monsieur Malin
0%
Monsieur Mensonge
0%
Monsieur Nigaud
0%
Monsieur Non
0%
Monsieur Personne
0%
Monsieur Rapide
0%
Monsieur Rêve
0%
Monsieur Silence
0%
Monsieur Tranquille
0%
Aucun quiz correspondant
Distribution des résultats
% des personnes avec chaque résultat
Percentile par nombre de réponses
Votre historique - résultats
Vous n’avez pas pris ce quiz